[Event "FIDE WRBTC Blitz-Pool 2024"]
[Site "Astana"]
[Date "2024.08.05"]
[Round "5.45"]
[White "Agibileg, Uurtsaikh"]
[Black "Tuleyeva-Aketayeva, Dana"]
[Result "1-0"]
[WhiteElo "2411"]
[BlackElo "2130"]
[Annotator "ChessBase"]
[PlyCount "71"]
[EventDate "2024.08.01"]
[EventType "team-tourn"]
[EventCountry "KAZ"]
[SourceTitle "playchess.com"]
[Source "ChessBase"]
[SourceQuality "1"]

1. d4 d5 2. c4 c6 3. Nf3 Nf6 4. Nc3 dxc4 5. a4 Bf5 6. Ne5 Nbd7 7. Nxc4 e6 8. f3 Bg6 9. e4 Bb4 10. h4 h6 11. g3 Nh5 12. Kf2 Qc7 13. e5 f6 14. g4 fxe5 15. gxh5 Bxh5 16. Ne4 O-O 17. Rh3 exd4 18. Rg3 Kh8 19. Bg2 e5 20. Qh1 Nc5 21. Nxc5 Bxc5 22. Qe1 Rae8 23. Kg1 b5 24. axb5 cxb5 25. Nd2 Be7 26. Rh3 Bb4 27. Qg3 Qc2 28. Ne4 Qd1+ 29. Kh2 Qe2 30. Rxa7 Rg8 31. Qf2 Qd1 32. Bd2 Bxd2 33. Qxd2 Qb1 34. Rg3 Rc8 35. Rgxg7 Rxg7 36. Qxh6+ 1-0

[Event "FIDE WRBTC Blitz-Pool 2024"]
[Site "Astana"]
[Date "2024.08.05"]
[Round "5.45"]
[White "Lednikova, Elizaveta"]
[Black "Nakhbayeva, Guliskhan"]
[Result "0-1"]
[WhiteElo "1677"]
[BlackElo "2326"]
[Annotator "ChessBase"]
[PlyCount "76"]
[EventDate "2024.08.01"]
[EventType "team-tourn"]
[EventCountry "KAZ"]
[SourceTitle "playchess.com"]
[Source "ChessBase"]
[SourceQuality "1"]

1. e4 e6 2. g3 d5 3. Bg2 Nf6 4. e5 Nfd7 5. d4 c5 6. c3 Nc6 7. Ne2 Be7 8. O-O O-O 9. Be3 b6 10. f4 f6 11. Nd2 Ba6 12. Rf2 cxd4 13. Nxd4 Nxd4 14. cxd4 fxe5 15. dxe5 Bc5 16. Bxc5 Nxc5 17. Nb3 Rc8 18. Nxc5 Rxc5 19. Rc1 Qc7 20. Rfc2 Rc8 21. Rxc5 bxc5 22. Qa4 Qb6 23. Kh1 Qxb2 24. Rg1 Qb5 25. Qc2 c4 26. Bh3 Qc6 27. f5 exf5 28. Qxf5 Re8 29. Bg2 Bc8 30. Qf4 Qe6 31. Qd4 Bb7 32. Qxa7 Bc6 33. Qc5 Ba8 34. Re1 Rc8 35. Qf2 c3 36. Qc2 d4 37. Bxa8 Rxa8 38. Qg2 Rxa2 0-1

[Event "FIDE WRBTC Blitz-Pool 2024"]
[Site "Astana"]
[Date "2024.08.05"]
[Round "5.46"]
[White "Martynov, Aleksandr"]
[Black "Abdrakhmanov, Alikhan"]
[Result "1-0"]
[WhiteElo "1828"]
[BlackElo "1434"]
[Annotator "NA"]
[PlyCount "81"]
[EventDate "2024.08.01"]
[EventType "team-tourn"]
[EventCountry "KAZ"]
[SourceTitle "playchess.com"]
[Source "ChessBase"]
[SourceQuality "1"]

1. d4 Nf6 2. Nf3 d5 3. e3 c6 4. Nbd2 Bg4 5. Bd3 e6 6. b3 Bd6 7. Bb2 Nbd7 8. c4 Bb4 9. a3 Bxf3 10. Qxf3 dxc4 11. Bxc4 Be7 12. O-O Nb6 13. e4 c5 14. Bb5+ Kf8 15. a4 cxd4 16. a5 Nc8 17. e5 Nd5 18. Ne4 a6 19. Bc4 h6 20. Rfd1 Qd7 21. Rxd4 Na7 22. Rad1 Nc6 23. Rxd5 exd5 24. Rxd5 Qe8 25. h3 Nb4 26. Rd2 Rd8 27. Nd6 Bxd6 28. Rxd6 Rxd6 29. exd6 Qe1+ 30. Kh2 Qe8 31. Ba3 Nc6 32. d7+ Qe7 33. Bxe7+ Kxe7 34. Qxf7+ Kd6 35. Qxg7 Ne5 36. Qxh8 Nxc4 37. bxc4 Kxd7 38. Qxh6 Kc7 39. Qb6+ Kd7 40. Qxb7+ Kd6 41. Qxa6+ 1-0

[Event "FIDE WRBTC Blitz-Pool 2024"]
[Site "Astana"]
[Date "2024.08.05"]
[Round "5.46"]
[White "Tolegenov, Rollan"]
[Black "Amilal Munkhdalai"]
[Result "0-1"]
[WhiteElo "1828"]
[BlackElo "2374"]
[Annotator "ChessBase"]
[PlyCount "90"]
[EventDate "2024.08.01"]
[EventType "team-tourn"]
[EventCountry "KAZ"]
[SourceTitle "playchess.com"]
[Source "ChessBase"]
[SourceQuality "1"]

1. e4 c5 2. Nf3 Nc6 3. d4 cxd4 4. Nxd4 Qc7 5. Nc3 e6 6. Bc4 a6 7. Bb3 b5 8. a3 Bb7 9. Be3 Nf6 10. O-O Na5 11. Qd3 Ng4 12. Nf3 Nxe3 13. Qxe3 Be7 14. Rad1 O-O 15. Rd2 d6 16. Rfd1 Rfd8 17. Ba2 Rac8 18. Ne2 Nc4 19. Bxc4 Qxc4 20. Nc3 a5 21. Qd3 b4 22. axb4 axb4 23. Qxc4 Rxc4 24. Ne2 Bxe4 25. Rd4 Rxd4 26. Rxd4 d5 27. c3 b3 28. Nc1 Bc2 29. Ne1 Ra8 30. Kf1 Ra1 31. Ne2 g6 32. f4 Rb1 33. Rd2 Rxb2 34. Nd4 Bf6 35. Ndxc2 bxc2 36. Rxc2 Rxc2 37. Nxc2 Bxc3 38. Ke2 Kf8 39. Kd3 Ba5 40. Ne3 Bc7 41. g3 Ke7 42. Nc2 f6 43. Ne1 e5 44. fxe5 fxe5 45. Nf3 e4+ 0-1

[Event "FIDE WRBTC Blitz-Pool 2024"]
[Site "Astana"]
[Date "2024.08.05"]
[Round "5.47"]
[White "Mungunzul, Bat-Erdene"]
[Black "Akylbek, Eskendir"]
[Result "0-1"]
[WhiteElo "2224"]
[BlackElo "1603"]
[Annotator "ChessBase"]
[PlyCount "50"]
[EventDate "2024.08.01"]
[EventType "team-tourn"]
[EventCountry "KAZ"]
[SourceTitle "playchess.com"]
[Source "ChessBase"]
[SourceQuality "1"]

1. d4 d5 2. c4 e6 3. Nc3 c6 4. Nf3 f5 5. g3 Nf6 6. Bg2 Bd6 7. O-O Nbd7 8. Bf4 Bxf4 9. gxf4 O-O 10. Ne5 Ne4 11. Qd3 Qb6 12. b3 Nxe5 13. fxe5 Bd7 14. f3 Nxc3 15. Qxc3 c5 16. cxd5 cxd4 17. Qd3 Bb5 18. Qd2 Rad8 19. d6 f4 20. Kh1 Rf5 21. Rfe1 Rxe5 22. Rad1 Qxd6 23. Qxf4 Rxe2 24. Qg5 Ba6 25. Bh3 Qxh2# 0-1

[Event "FIDE WRBTC Blitz-Pool 2024"]
[Site "Astana"]
[Date "2024.08.05"]
[Round "5.47"]
[White "Garayev, Bakhtiyar"]
[Black "Turlej, Lukasz"]
[Result "0-1"]
[WhiteElo "1494"]
[BlackElo "2105"]
[Annotator "ChessBase"]
[PlyCount "62"]
[EventDate "2024.08.01"]
[EventType "team-tourn"]
[EventCountry "KAZ"]
[SourceTitle "playchess.com"]
[Source "ChessBase"]
[SourceQuality "1"]

1. e4 c5 2. Nf3 Nc6 3. d4 cxd4 4. Nxd4 Nf6 5. Nc3 e5 6. Ndb5 d6 7. Nd5 Nxd5 8. exd5 Nb8 9. c4 Be7 10. Bd3 a6 11. Nc3 O-O 12. O-O f5 13. f3 Nd7 14. Kh1 Bg5 15. Qc2 g6 16. f4 Bf6 17. fxe5 Nxe5 18. Bf4 Bd7 19. Rae1 Rc8 20. b3 b5 21. Qe2 Re8 22. Bxe5 Bxe5 23. Qd2 bxc4 24. bxc4 Qh4 25. h3 Qg3 26. Kg1 Bd4+ 27. Kh1 Be5 28. Kg1 Qh4 29. Rxe5 Rxe5 30. Qb2 Qd4+ 31. Kh1 Qxd3 0-1

[Event "FIDE WRBTC Blitz-Pool 2024"]
[Site "Astana"]
[Date "2024.08.05"]
[Round "5.48"]
[White "Musauly, Nurali"]
[Black "Batyrova, Lyayan"]
[Result "1-0"]
[WhiteElo "1816"]
[BlackElo "1409"]
[Annotator "NA"]
[PlyCount "73"]
[EventDate "2024.08.01"]
[EventType "team-tourn"]
[EventCountry "KAZ"]
[SourceTitle "playchess.com"]
[Source "ChessBase"]
[SourceQuality "1"]

1. Nf3 d5 2. e3 Nf6 3. c4 Bf5 4. cxd5 Qxd5 5. Nc3 Qd8 6. d4 e6 7. Bd3 Bd6 8. Bxf5 exf5 9. O-O O-O 10. Qc2 Qd7 11. Rb1 Nc6 12. a3 Rae8 13. b4 Ne4 14. b5 Nd8 15. a4 Nxc3 16. Qxc3 Re6 17. Ba3 Rh6 18. Bxd6 Qxd6 19. Qc5 Qd7 20. Rbc1 Ne6 21. Qxf5 Rf6 22. Qe4 b6 23. Ne5 Qd6 24. Qc6 Qxc6 25. Rxc6 Rh6 26. h3 f6 27. Nf3 f5 28. d5 Nd8 29. Rxc7 f4 30. exf4 Rxf4 31. Re1 Rf8 32. Rxa7 Rg6 33. Kf1 Rd6 34. Ree7 Rxd5 35. Rxg7+ Kh8 36. Rxh7+ Kg8 37. Rag7# 1-0

[Event "FIDE WRBTC Blitz-Pool 2024"]
[Site "Astana"]
[Date "2024.08.05"]
[Round "5.48"]
[White "Demezhanov, Tuleubek"]
[Black "Erkhembayar, Amartaivan"]
[Result "0-1"]
[WhiteElo "1776"]
[BlackElo "1962"]
[Annotator "ChessBase"]
[PlyCount "90"]
[EventDate "2024.08.01"]
[EventType "team-tourn"]
[EventCountry "KAZ"]
[SourceTitle "playchess.com"]
[Source "ChessBase"]
[SourceQuality "1"]

1. e4 e6 2. d4 d5 3. Nc3 Nf6 4. e5 Nfd7 5. Nf3 c5 6. dxc5 Bxc5 7. Be2 Nc6 8. Bf4 Qb6 9. O-O a6 10. Na4 Qb4 11. Nxc5 Qxf4 12. Nd3 Qf5 13. Re1 O-O 14. Bf1 h6 15. c3 b5 16. Nd4 Nxd4 17. cxd4 Bb7 18. Rc1 Rac8 19. Rc3 Rxc3 20. bxc3 Rc8 21. Qb3 Qg5 22. a4 Qd2 23. axb5 Rxc3 24. Qb1 axb5 25. Re3 Ba6 26. Qa1 Nb8 27. Qa5 Kh7 28. Nc5 Rc2 29. Qxd2 Rxd2 30. Nxa6 Nxa6 31. Bxb5 Rd1+ 32. Bf1 Nb4 33. g3 Rxd4 34. f4 g6 35. Rb3 Kg7 36. Kf2 Nc6 37. Rb6 Ne7 38. Rb7 Nf5 39. Be2 Rd2 40. Ke1 Ra2 41. Rb3 Nd4 42. Re3 Nc2+ 43. Kf2 Nxe3 44. Kxe3 g5 45. Bd3 Rxh2 0-1

[Event "FIDE WRBTC Blitz-Pool 2024"]
[Site "Astana"]
[Date "2024.08.05"]
[Round "6.1"]
[White "Niemann, Hans Moke"]
[Black "Nepomniachtchi, Ian"]
[Result "0-1"]
[WhiteElo "2711"]
[BlackElo "2767"]
[Annotator "TA"]
[PlyCount "102"]
[EventDate "2024.08.01"]
[EventType "team-tourn"]
[EventCountry "KAZ"]
[SourceTitle "playchess.com"]
[Source "ChessBase"]
[SourceQuality "1"]

1. d4 Nf6 2. c4 e6 3. Nf3 d5 4. g3 Be7 5. Bg2 O-O 6. O-O dxc4 7. Qc2 a6 8. a4 Bd7 9. Qxc4 Bc6 10. Bf4 Bd6 11. Qc1 Nbd7 12. Nc3 Nd5 13. Bg5 Qe8 14. Re1 h6 15. Bd2 Nxc3 16. bxc3 Be4 17. a5 Qe7 18. Nh4 Bxg2 19. Nxg2 c5 20. e4 cxd4 21. cxd4 Bb4 22. Rb1 Bxd2 23. Qxd2 Nf6 24. Nf4 Rfd8 25. Rb6 Rac8 26. d5 Qc5 27. Rxb7 exd5 28. e5 Ne4 29. Qe2 Re8 30. Rd7 Qc6 31. Qg4 Rxe5 32. Rxd5 Rce8 33. Nh5 Ng5 34. Rdxe5 Rxe5 35. Rxe5 Nf3+ 36. Qxf3 Qxf3 37. Nf4 Qc3 38. Rd5 g5 39. Nh5 Qf3 40. Rd8+ Kh7 41. Rd6 Qxh5 42. Rxa6 Qd1+ 43. Kg2 Qd5+ 44. Kg1 h5 45. h3 h4 46. gxh4 gxh4 47. Rb6 Qf3 48. a6 Qxh3 49. a7 Qa3 50. Rb7 Kg7 51. Rc7 h3 0-1

[Event "FIDE WRBTC Blitz-Pool 2024"]
[Site "Astana"]
[Date "2024.08.05"]
[Round "6.1"]
[White "Beristenov, Kair"]
[Black "Sarana, Alexey"]
[Result "0-1"]
[WhiteElo "1995"]
[BlackElo "2717"]
[Annotator "ChessBase"]
[PlyCount "86"]
[EventDate "2024.08.01"]
[EventType "team-tourn"]
[EventCountry "KAZ"]
[SourceTitle "playchess.com"]
[Source "ChessBase"]
[SourceQuality "1"]

1. e4 c5 2. d4 cxd4 3. Qxd4 Nc6 4. Qd3 Nf6 5. Nc3 g6 6. Nf3 Bg7 7. Be2 d6 8. O-O O-O 9. Nd5 Nd7 10. c3 Nc5 11. Qc2 f5 12. exf5 gxf5 13. Rd1 e6 14. Nf4 Qe7 15. Nh5 Ne4 16. Nxg7 Qxg7 17. Nd4 e5 18. Nb5 Rf6 19. f3 a6 20. Na3 Ng5 21. h4 Nf7 22. Be3 Be6 23. Nc4 f4 24. Bf2 Rg6 25. Bf1 Rd8 26. h5 Rh6 27. Bh4 Rd7 28. Nb6 Rxh5 29. Qf2 Qh6 30. g3 Rd8 31. Bg2 Re8 32. c4 Kh8 33. Nd5 Bxd5 34. Rxd5 fxg3 35. Bxg3 Rg8 36. f4 Qg7 37. Rd3 exf4 38. Bxf4 Ng5 39. Rg3 Ne5 40. Re1 h6 41. c5 Rf8 42. cxd6 Ng6 43. Rg4 Nxf4 0-1

[Event "FIDE WRBTC Blitz-Pool 2024"]
[Site "Astana"]
[Date "2024.08.05"]
[Round "6.2"]
[White "Duda, Jan-Krzysztof"]
[Black "Tabatabaei, M. Amin"]
[Result "1-0"]
[WhiteElo "2733"]
[BlackElo "2712"]
[Annotator "RC"]
[PlyCount "85"]
[EventDate "2024.08.01"]
[EventType "team-tourn"]
[EventCountry "KAZ"]
[SourceTitle "playchess.com"]
[Source "ChessBase"]
[SourceQuality "1"]

1. Nf3 d5 2. g3 Nf6 3. Bg2 c6 4. d3 Bg4 5. Nbd2 Nbd7 6. h3 Bh5 7. g4 Bg6 8. Nh4 e5 9. e3 Be7 10. Qe2 Qc7 11. a3 O-O-O 12. b4 Kb8 13. O-O e4 14. Bb2 Bd6 15. Rfd1 Bh2+ 16. Kf1 Rhe8 17. Nxg6 fxg6 18. dxe4 dxe4 19. g5 Nh5 20. Nxe4 Be5 21. Bxe5 Qxe5 22. Kg1 h6 23. b5 cxb5 24. Nd6 Rf8 25. Nxb7 Rc8 26. Nd6 Rc5 27. Rab1 a6 28. Qg4 Nb6 29. c4 hxg5 30. cxb5 a5 31. Qe4 Qxe4 32. Nxe4 Rc2 33. Rd6 Nc4 34. Rxg6 Nf6 35. Nxf6 Rxf6 36. Rxg7 Rfxf2 37. Be4 Rb2 38. Rd1 Rbd2 39. Rxd2 Rxd2 40. b6 Rd1+ 41. Kf2 Rd2+ 42. Kg3 Kc8 43. Rc7+ 1-0

[Event "FIDE WRBTC Blitz-Pool 2024"]
[Site "Astana"]
[Date "2024.08.05"]
[Round "6.2"]
[White "Vidit, Santosh Gujrathi"]
[Black "Zeynyshev, Elnur"]
[Result "0-1"]
[WhiteElo "2720"]
[BlackElo "1812"]
[Annotator "ChessBase"]
[PlyCount "84"]
[EventDate "2024.08.01"]
[EventType "team-tourn"]
[EventCountry "KAZ"]
[SourceTitle "playchess.com"]
[Source "ChessBase"]
[SourceQuality "1"]

1. d4 d5 2. c4 c6 3. cxd5 cxd5 4. Nc3 Nf6 5. f3 Qb6 6. g4 h6 7. e3 Nc6 8. Bd3 e5 9. Nge2 Bb4 10. dxe5 Nxe5 11. O-O O-O 12. Nd4 Bd7 13. h4 Qd6 14. Rf2 Nxd3 15. Qxd3 Qg3+ 16. Rg2 Qe1+ 17. Qf1 Qxh4 18. Bd2 Rfe8 19. Re1 Bd6 20. Qd3 Qh3 21. Nce2 a6 22. Rf1 Qh4 23. Nf5 Bxf5 24. Qxf5 Bc5 25. Nd4 Qg5 26. Qd3 Qe5 27. Re1 Rac8 28. Bc3 Bxd4 29. Bxd4 Qe6 30. Rc2 Rxc2 31. Qxc2 Rc8 32. Qd2 Nd7 33. Rc1 Rc6 34. Kf2 Ne5 35. b3 Rxc1 36. Bxe5 Qc6 37. Kg3 f6 38. Bd4 Qc7+ 39. f4 Qc2 40. Qxc2 Rxc2 41. a3 Rd2 42. Kf3 Rd3 0-1

[Event "FIDE WRBTC Blitz-Pool 2024"]
[Site "Astana"]
[Date "2024.08.05"]
[Round "6.2"]
[White "Artemiev, Vladislav"]
[Black "Prokoptsov, Mikhail"]
[Result "1-0"]
[WhiteElo "2699"]
[BlackElo "1702"]
[Annotator "ChessBase"]
[PlyCount "56"]
[EventDate "2024.08.01"]
[EventType "team-tourn"]
[EventCountry "KAZ"]
[SourceTitle "playchess.com"]
[Source "ChessBase"]
[SourceQuality "1"]

1. d4 Nf6 2. Nf3 e6 3. c4 d5 4. Nc3 Be7 5. Bg5 O-O 6. e3 c6 7. Rc1 Nbd7 8. a3 a5 9. Qc2 dxc4 10. Bxc4 b5 11. Bd3 Bb7 12. O-O h6 13. Bh4 b4 14. axb4 axb4 15. Bxf6 Nxf6 16. Ne4 Nxe4 17. Bxe4 Rc8 18. Ne5 Qd6 19. Rfd1 Rc7 20. Nd3 Rfc8 21. Nc5 Ba8 22. Qc4 e5 23. Bf5 Rd8 24. Ra1 Bf6 25. Ne4 Qd5 26. Qe2 exd4 27. Nxf6+ gxf6 28. Rxd4 Qxf5 1-0

[Event "FIDE WRBTC Blitz-Pool 2024"]
[Site "Astana"]
[Date "2024.08.05"]
[Round "6.3"]
[White "Jacobson, Brandon"]
[Black "Praggnanandhaa R"]
[Result "0-1"]
[WhiteElo "2575"]
[BlackElo "2749"]
[Annotator "TA"]
[PlyCount "70"]
[EventDate "2024.08.01"]
[EventType "team-tourn"]
[EventCountry "KAZ"]
[SourceTitle "playchess.com"]
[Source "ChessBase"]
[SourceQuality "1"]

1. Nf3 Nf6 2. c4 Nc6 3. d4 e6 4. a3 g6 5. Nc3 Bg7 6. e3 d6 7. Be2 O-O 8. b4 Qe7 9. Bb2 a5 10. b5 Nb8 11. O-O e5 12. c5 e4 13. cxd6 cxd6 14. Nd2 Nbd7 15. Qc2 Re8 16. a4 Nb6 17. Nc4 Nxc4 18. Bxc4 Be6 19. Bxe6 Qxe6 20. Rfc1 Rac8 21. Qd1 h5 22. h3 h4 23. Ba3 g5 24. b6 g4 25. Nb5 gxh3 26. Nc7 Qf5 27. Nxe8 Rxe8 28. gxh3 Qxh3 29. Qf1 Qe6 30. Rc7 Kh8 31. Kh1 Rg8 32. Rxb7 Bh6 33. Rc7 Qg4 34. f4 Nh5 35. Qf2 Qh3+ 0-1

[Event "FIDE WRBTC Blitz-Pool 2024"]
[Site "Astana"]
[Date "2024.08.05"]
[Round "6.3"]
[White "Borumbayev, Adil"]
[Black "Van Foreest, Jorden"]
[Result "1-0"]
[WhiteElo "1848"]
[BlackElo "2696"]
[Annotator "ChessBase"]
[PlyCount "43"]
[EventDate "2024.08.01"]
[EventType "team-tourn"]
[EventCountry "KAZ"]
[SourceTitle "playchess.com"]
[Source "ChessBase"]
[SourceQuality "1"]

1. e4 c5 2. Nf3 e6 3. Nc3 Nc6 4. d4 cxd4 5. Nxd4 Nf6 6. Qd3 Bb4 7. Nxc6 bxc6 8. e5 Nd5 9. Qg3 Kf8 10. Bd2 Qa5 11. Rd1 h5 12. h4 Bxc3 13. bxc3 Qxa2 14. c4 Nb6 15. Bd3 Nxc4 16. Bb4+ Kg8 17. O-O a5 18. Be7 Rh6 19. Ra1 Qb2 20. Bxc4 Rg6 21. Qe3 Qxc2 22. Bd3 1-0

[Event "FIDE WRBTC Blitz-Pool 2024"]
[Site "Astana"]
[Date "2024.08.05"]
[Round "6.3"]
[White "Semenov, Miroslav"]
[Black "Andreikin, Dmitry"]
[Result "0-1"]
[WhiteElo "1512"]
[BlackElo "2729"]
[Annotator "RC"]
[PlyCount "74"]
[EventDate "2024.08.01"]
[EventType "team-tourn"]
[EventCountry "KAZ"]
[SourceTitle "playchess.com"]
[Source "ChessBase"]
[SourceQuality "1"]

1. e4 c5 2. d4 cxd4 3. c3 Nf6 4. e5 Nd5 5. cxd4 d6 6. Nf3 Nc6 7. Bc4 dxe5 8. Nxe5 e6 9. O-O Bd6 10. Nxc6 bxc6 11. Nc3 O-O 12. Re1 Nxc3 13. bxc3 c5 14. Be3 Bb7 15. Rb1 Bc6 16. Qc2 Qh4 17. g3 Qh5 18. Qd1 Qf5 19. Bc1 Qxb1 20. dxc5 Bxc5 21. Qg4 Qf5 22. Qe2 Qf3 23. Qxf3 Bxf3 24. Re5 Rfd8 25. Rxc5 Rd1+ 26. Bf1 Rxc1 27. Re5 Rb8 28. Re3 Bd5 29. c4 Bxc4 30. Kg2 Bxf1+ 31. Kf3 Rbc8 32. Kg4 g6 33. Rb3 Kg7 34. Rb7 h5+ 35. Kf4 R8c4+ 36. Ke5 Rd1 37. Rxa7 Rd5# 0-1

[Event "FIDE WRBTC Blitz-Pool 2024"]
[Site "Astana"]
[Date "2024.08.05"]
[Round "6.4"]
[White "Abdusattorov, Nodirbek"]
[Black "Dardha, Daniel"]
[Result "1/2-1/2"]
[WhiteElo "2762"]
[BlackElo "2608"]
[Annotator "TA"]
[PlyCount "131"]
[EventDate "2024.08.01"]
[EventType "team-tourn"]
[EventCountry "KAZ"]
[SourceTitle "playchess.com"]
[Source "ChessBase"]
[SourceQuality "1"]

1. e4 c5 2. Nf3 Nc6 3. d4 cxd4 4. Nxd4 e5 5. Ne2 Nf6 6. Nbc3 d5 7. exd5 Nb4 8. Ng3 Nbxd5 9. Bc4 Be6 10. Nxd5 Bxd5 11. Bb5+ Bc6 12. Bxc6+ bxc6 13. Qe2 Qa5+ 14. Bd2 Qb5 15. Qxb5 cxb5 16. O-O-O O-O-O 17. Bg5 Rxd1+ 18. Rxd1 Nd7 19. Nf5 Kc7 20. Be7 Bxe7 21. Nxe7 Nf6 22. Nd5+ Kc6 23. Nxf6 gxf6 24. Rd3 f5 25. g3 Rg8 26. Kd2 a5 27. Ke3 b4 28. a3 Rg4 29. axb4 Rxb4 30. b3 f4+ 31. Ke2 fxg3 32. hxg3 a4 33. bxa4 Rxa4 34. Rf3 Ra7 35. Rf6+ Kd5 36. Kd3 e4+ 37. Ke2 Ke5 38. Rc6 f5 39. Ke3 Ra3+ 40. c3 Ra2 41. Rc5+ Kf6 42. Rc8 h5 43. c4 Ra3+ 44. Ke2 Ra2+ 45. Kf1 Rc2 46. c5 Ke5 47. c6 Kd6 48. Rd8+ Ke6 49. Re8+ Kd6 50. Rd8+ Ke6 51. Rc8 Kd6 52. Rh8 Rxc6 53. Rxh5 Ke5 54. Kg2 Rc2 55. g4 Kf4 56. Rxf5+ Kxg4 57. Re5 Kf4 58. Re8 Re2 59. Rf8+ Kg4 60. Kf1 Ra2 61. Rg8+ Kf4 62. Re8 Kf3 63. Rf8+ Kg4 64. Ke1 Rb2 65. Rf7 Ra2 66. Rf8 1/2-1/2

[Event "FIDE WRBTC Blitz-Pool 2024"]
[Site "Astana"]
[Date "2024.08.05"]
[Round "6.4"]
[White "Maghsoodloo, Parham"]
[Black "Derksen, Vadim"]
[Result "1-0"]
[WhiteElo "2723"]
[BlackElo "1735"]
[Annotator "RC"]
[PlyCount "81"]
[EventDate "2024.08.01"]
[EventType "team-tourn"]
[EventCountry "KAZ"]
[SourceTitle "playchess.com"]
[Source "ChessBase"]
[SourceQuality "1"]

1. e4 c5 2. Nc3 Nc6 3. Bb5 Nd4 4. Nf3 Nxb5 5. Nxb5 a6 6. Nc3 g6 7. d4 cxd4 8. Qxd4 Nf6 9. e5 Ng8 10. h4 Bg7 11. h5 d6 12. Bf4 dxe5 13. Qxd8+ Kxd8 14. Nxe5 Ke8 15. Nd5 Kf8 16. Nb6 Rb8 17. Ned7+ Bxd7 18. Nxd7+ Ke8 19. Nxb8 e5 20. Be3 Ne7 21. O-O-O f5 22. h6 Bf6 23. Nd7 Kf7 24. Rd6 Ng8 25. Nxf6 Nxf6 26. Rhd1 Rc8 27. Bg5 Ne4 28. Rd7+ Ke8 29. Rxh7 Nxg5 30. Rh8+ Ke7 31. Rxc8 e4 32. Rc7+ Ke6 33. Rg7 Kf6 34. Rd6+ Ke5 35. Rdxg6 e3 36. fxe3 Ne4 37. h7 Nc5 38. h8=Q Nb3+ 39. axb3 Ke4 40. Re7+ Kd5 41. Qd4# 1-0

[Event "FIDE WRBTC Blitz-Pool 2024"]
[Site "Astana"]
[Date "2024.08.05"]
[Round "6.4"]
[White "Erdogmus, Yagiz Kaan"]
[Black "Omar, Temirlan"]
[Result "1-0"]
[WhiteElo "2599"]
[BlackElo "1874"]
[Annotator "ChessBase"]
[PlyCount "53"]
[EventDate "2024.08.01"]
[EventType "team-tourn"]
[EventCountry "KAZ"]
[SourceTitle "playchess.com"]
[Source "ChessBase"]
[SourceQuality "1"]

1. Nf3 d5 2. b3 Nf6 3. Bb2 e6 4. e3 Be7 5. c4 b6 6. g3 Bb7 7. Bg2 Nbd7 8. O-O O-O 9. cxd5 exd5 10. d4 c5 11. Nc3 Rc8 12. Rc1 Ne4 13. dxc5 Nxc3 14. Bxc3 bxc5 15. Bh3 Rc7 16. Re1 Bf6 17. Ba5 Nb6 18. Bg2 Qd6 19. e4 Re8 20. exd5 Rxe1+ 21. Qxe1 Bxd5 22. Rd1 Qe6 23. Bxb6 Bxf3 24. Bxc7 Bxd1 25. Qxd1 g6 26. Bf4 a5 27. Be3 1-0

[Event "FIDE WRBTC Blitz-Pool 2024"]
[Site "Astana"]
[Date "2024.08.05"]
[Round "6.5"]
[White "Salimova, Nurgyul"]
[Black "Hou, Yifan"]
[Result "1/2-1/2"]
[WhiteElo "2412"]
[BlackElo "2633"]
[Annotator "ChessBase"]
[PlyCount "126"]
[EventDate "2024.08.01"]
[EventType "team-tourn"]
[EventCountry "KAZ"]
[SourceTitle "playchess.com"]
[Source "ChessBase"]
[SourceQuality "1"]

1. d4 e6 2. Nf3 Nf6 3. Bf4 c5 4. e3 Nc6 5. Nbd2 d5 6. c3 Be7 7. h3 Bd6 8. dxc5 Bxc5 9. Bd3 O-O 10. O-O Bd6 11. Bxd6 Qxd6 12. e4 Rd8 13. Qe2 dxe4 14. Bxe4 Nxe4 15. Nxe4 Qe7 16. Rad1 Rxd1 17. Rxd1 e5 18. Nd6 Be6 19. c4 f6 20. c5 Bxa2 21. b4 Nxb4 22. Qe4 Nc6 23. Nh4 Be6 24. Rb1 Nd8 25. Nhf5 Bxf5 26. Qxf5 Rb8 27. Qe4 Nf7 28. Qd5 Kf8 29. Nxb7 Nd8 30. c6 Nxb7 31. Rxb7 Rd8 32. Rxe7 Rxd5 33. Rxa7 Rc5 34. c7 Ke8 35. Ra8+ Kd7 36. Rg8 Rxc7 37. Rxg7+ Kd6 38. Rg4 Ke6 39. Kh2 f5 40. Ra4 e4 41. Kg3 Rg7+ 42. Kh2 Ke5 43. g3 Rd7 44. Kg2 Rd2 45. Ra5+ Kf6 46. Kf1 Rb2 47. h4 Kg6 48. Rc5 Rb6 49. Kg2 Ra6 50. Rc2 Kh5 51. Re2 Ra3 52. Rc2 Ra5 53. Rb2 f4 54. Rb4 fxg3 55. Kxg3 Ra3+ 56. Kf4 Rf3+ 57. Kxe4 Rxf2 58. Rb7 h6 59. Ke3 Rf6 60. Rb4 Rf5 61. Rc4 Rf1 62. Rb4 Rh1 63. Kf3 Rxh4 1/2-1/2

[Event "FIDE WRBTC Blitz-Pool 2024"]
[Site "Astana"]
[Date "2024.08.05"]
[Round "6.5"]
[White "Nauanova Zhaniya"]
[Black "Muzychuk, Anna"]
[Result "0-1"]
[WhiteElo "1835"]
[BlackElo "2525"]
[Annotator "ChessBase"]
[PlyCount "56"]
[EventDate "2024.08.01"]
[EventType "team-tourn"]
[EventCountry "KAZ"]
[SourceTitle "playchess.com"]
[Source "ChessBase"]
[SourceQuality "1"]

1. c4 e5 2. Nc3 d6 3. g3 f5 4. Bg2 Nf6 5. e3 g6 6. Nge2 Bg7 7. O-O O-O 8. d3 c6 9. Rb1 Be6 10. b4 d5 11. cxd5 cxd5 12. d4 e4 13. Nf4 Bf7 14. b5 g5 15. Nfe2 Nbd7 16. Na4 Rc8 17. Ba3 Re8 18. Nc5 Rc7 19. Nc1 b6 20. Na6 Rc4 21. Nb4 Qc7 22. Nc6 f4 23. gxf4 gxf4 24. Bh3 Bh5 25. Ne2 Kh8 26. Kh1 Bf3+ 27. Bg2 Bxg2+ 28. Kxg2 f3+ 0-1

[Event "FIDE WRBTC Blitz-Pool 2024"]
[Site "Astana"]
[Date "2024.08.05"]
[Round "6.5"]
[White "Ivlev, Andrey"]
[Black "Lagno, Kateryna"]
[Result "0-1"]
[WhiteElo "1578"]
[BlackElo "2532"]
[Annotator "ChessBase"]
[PlyCount "73"]
[EventDate "2024.08.01"]
[EventType "team-tourn"]
[EventCountry "KAZ"]
[SourceTitle "playchess.com"]
[Source "ChessBase"]
[SourceQuality "1"]

1. e4 e5 2. Nf3 Nc6 3. Bb5 a6 4. Ba4 d6 5. O-O Bd7 6. c3 g6 7. d4 Bg7 8. dxe5 Nxe5 9. Nxe5 dxe5 10. Bxd7+ Qxd7 11. Qxd7+ Kxd7 12. Rd1+ Ke6 13. Be3 Ne7 14. Nd2 Rhd8 15. Nf3 f6 16. Kf1 a5 17. Ke2 a4 18. Rxd8 Rxd8 19. Rd1 Rxd1 20. Kxd1 Nc8 21. Kc2 Nd6 22. Kd3 b5 23. Bc5 Nb7 24. Be3 Bf8 25. h3 Nc5+ 26. Kc2 Nxe4 27. Kd3 Nc5+ 28. Kc2 Kd5 29. Nd2 Ne4 30. f3 Nxd2 31. Kxd2 f5 32. Kd3 e4+ 33. fxe4+ fxe4+ 34. Kc2 Bc5 35. Bd2 Bf2 36. Kd1 Kc4 37. a3 0-1

[Event "FIDE WRBTC Blitz-Pool 2024"]
[Site "Astana"]
[Date "2024.08.05"]
[Round "6.6"]
[White "Ainakul, Mukhtar"]
[Black "Karepov, Ilya"]
[Result "1-0"]
[WhiteElo "1935"]
[BlackElo "1719"]
[Annotator "ChessBase"]
[PlyCount "49"]
[EventDate "2024.08.01"]
[EventType "team-tourn"]
[EventCountry "KAZ"]
[SourceTitle "playchess.com"]
[Source "ChessBase"]
[SourceQuality "1"]

1. d4 Nf6 2. c4 g6 3. Nc3 Bg7 4. e4 d6 5. Nf3 O-O 6. h3 e5 7. d5 a5 8. Be3 Na6 9. Be2 Nh5 10. Nh2 Nf4 11. Bf3 b6 12. g3 Nxh3 13. Bg2 h6 14. Ng4 Bxg4 15. Qxg4 Ng5 16. O-O-O Nc5 17. Kb1 Qd7 18. Qh4 Qd8 19. Qh2 Qf6 20. Rd2 h5 21. f4 exf4 22. gxf4 Nh7 23. Bd4 Qxf4 24. Qxf4 Bxd4 25. Rxd4 1-0